000
00333nam a22001457a 4500
008
231124b ||||| |||| 00| 0 eng d
020
_a
9780521449526
041
_a
eng
080
_a
316
082
_a
316CHA
100
_a
24
101
_a
SOCIOLO
245
_a
BIOTHEICS IN A LIBERAL SOCIETY
_c
CHARLESWORTH .M
942
_2
udc
_c
BK
999
_c
60503
_d
60503